000 00780nam a2200229Ia 4500
003 GCL
005 20240530102009.0
008 140319s9999 xx 000 0 ara d
020 _a9040270977
040 _aGCL /
_cGCL
082 0 4 _a320.962
_bق/ح م
100 1 _aحنفى المحلاوى
245 1 0 _aمفكرون وقضبان : حكايتى مع السجن /
_cحنفى المحلاوى
250 _aالولى
260 _aالقاهرة :
_bالدار المصرية اللبنانية ،
_c1993
300 _a222 ص ؛
_c24سم
650 0 4 _aالمسجونون السياسيون
650 0 4 _aجمال عبدالناصر
650 0 4 _aمصر - الاحوال السياسية
650 0 4 _aمصر - تاريخ - العصر الحديث
942 _2ddc
_cBK
999 _c29281
_d29281